El acceso a la profesin̤ y a la funcin̤ pb︢lica docente del profesorado de educacin̤ secundaria obligatoria y de bachillerato

Detalles Bibliográficos
Autor principal: Rivero Ortega, Enrique V.
Formato: eBook
Lenguaje:español
Publicado: Madrid: Instituto Nacional de Administracin̤ Pb︢lica (INAP), 2015
Materias:
Acceso en línea:Acceso restringido

MARC

LEADER 00000nam a22000007a 4500
005 20170214212816.0
007 cr|||| ||||
008 170214s2015 es |||||s|||| 00||0 spa d
020 |a 978-84-7351-478-1 
035 |a 14732 
040 |a vLex 
090 |c 6545  |d 6545 
100 1 |a Rivero Ortega, Enrique V. 
245 1 2 |a El acceso a la profesin̤ y a la funcin̤ pb︢lica docente del profesorado de educacin̤ secundaria obligatoria y de bachillerato  |h [Recurso electrn̤ico] /  |c Enrique V. Rivero Ortega 
256 |a Servicio en ln̕ea 
260 |a Madrid:  |b Instituto Nacional de Administracin̤ Pb︢lica (INAP),  |c 2015 
300 |a 1 recurso electrn̤ico 
506 1 |a Disponible solo en los productos indicados  |d vLex Global  |d vLex Global (Academic Edition, excluding Law Schools)  |d vLex Global (U.S. Academic Edition, Law Schools)  |d vLex Global (U.S. Academic Edition, excluding Law Schools)  |d vLex Global (Academic Edition, Law Schools) 
650 0 4 |a Derecho Pb︢lico y Administrativo  |z Espaą 
740 0 |a vLex Libros (Servicio en ln̕ea) 
856 4 0 |u http://vlex.com/source/acceso-a-la-profesion-y-a-la-funcion-publica-docente-del-profesorado-de-educacion-secundaria-obligatoria-y-de-bachillerato-14732  |z Acceso restringido 
942 |c BOOK 
999 0 |a Public and Administrative Law